| 000 | 00399nam a2200145Ia 4500 | ||
|---|---|---|---|
| 008 | 240126s9999 xx 000 0 und d | ||
| 041 | _aEnglish | ||
| 082 | _aLIBRARY-IX | ||
| 245 | 0 | _aIntelligent Entrepreneur (Aug, 2010 - ) | |
| 260 |
_bInfomedia 18 Ltd. _aMumbai |
||
| 440 | _aNULL | ||
| 650 | _aIntelligent,Entrepreneur,(Aug,,2010,-, ),Management | ||
| 650 | _aManagement | ||
| 942 | _cJN | ||
| 999 |
_c270265 _d270265 |
||